000 00470nam a22001817a 4500
003 NUST - PNEC
005 20170116181051.0
008 150826b xxu||||| |||| 00| 0 eng d
020 _a0582305004
040 _cLIBRARY
082 _a621.4021 ROG
100 _95777
_aRogers, Gordon
245 _aEngineering thermodynamics : work and heat transfer
_cGordon Rogers
250 _a3rd ed.
260 _cc1980
650 _95779
_aThermodynamics
_xME
942 _2ddc
_cBK
999 _c68389
_d68389